000 02309njm a2200385 c 4500
003 BLK
005 20250128134146.0
008 180410b bul||n||s|||||||| n|bulo|
010 _aCDD00002041000
040 _aBLK
041 _aBUL
_cBUL
080 _aКиноизкуство. Кинофилми
_b791.43
_x(497.2)(086.8)
_z791.43(497.2)(086.8)
700 _aБратя Мормареви
_qКолективен псевдоним на Йомтов, Мориц Алберт и Стойчев, Марко Кънчев
_9366802
700 1 _aЙомтов, Мориц Алберт
_d1921 - 1992
_e*
_973554
700 _aСтойчев, Марко Кънчев
_d1931 - 2006
_9248879
700 1 _aНиколов, Милен
_eрежисьор
_9387734
700 1 _aПарцалев, Георги
_eв ролите
_9354375
700 1 _aГеоргиев, Румен
_eоператор
_9387735
700 _aКарадимчев, Борис Климентов
_d1933 - 2014
_gКомпозитор
_9387999
139 _aСиромашко лято [видео DVD]
_bС 38
245 1 0 _aСиромашко лято [видео DVD]
_cсценарист Братя Мормареви; * Мориц Албертов Йомтов; * Марко Кънчев Стойчев; режисьор Милен Николов; в ролите Георги Парцалев; оператор Румен Георгиев; музика Борис Климентов Карадимчев.
257 _aBGR
260 София
_bНац. филмов център
_c2006
300 _a(3,49 GB)(1 ч. 17 мин. 26 сек.)
_bзв., цв.
_c12 см
_e1 брош. (1 л. ; 17Х47 см сгънат до 17Х12 см)
380 _a7
490 1 _aDVD колекция Златни български филми
_v38
500 _aИзт. : Загл. екран ; Етикет ; Брош. - Системни изисквания: DVD устройство ; Windous Media Player. - Дигитално изд. - Съдържа и За филма ; За колекцията
590 _aS.N: 68074 от КНИГИ
852 _aЦб CD 1220
_p0
856 4 _qpdf
_u
856 4 _qpdf
_u
942 _cCDD
_n0
944 _aCR
_c21.09.2006
_k30560
_lГеновева Генчева
944 _aED
_c23.04.2007
_k
999 _c219642
_d219642